| 000 | 00596nam a22001817a 4500 | ||
|---|---|---|---|
| 003 | CEME | ||
| 005 | 20210628203504.0 | ||
| 008 | 210121b xxu||||| |||| 00| 0 eng d | ||
| 020 | _a978-0-470106456 | ||
| 040 | _c. | ||
| 082 | _a658.409 WID | ||
| 100 |
_aWidmann, Nancy C, Eisenman, Elane J, Kopelan, Amy Dorn _965772 |
||
| 245 | _aI didn't see it coming, the only book you'ii ever need to avoid being blindsided in business | ||
| 260 |
_aUSA _bJOHN WILEY & SONS _c2007 |
||
| 300 | _aXX,204P | ||
| 650 |
_aLEADERSHIP.MANAGEMENT.WORK ENVORONMENT.SUCCESS IN BUSINESS _965773 |
||
| 942 |
_cBK _2ddc |
||
| 999 |
_c573887 _d573887 |
||